Tâm lí học trí khôn

Zapisane w:
Opis bibliograficzny
1. autor: Piaget, Jean
Kolejni autorzy: Nguyễn Dương Khủ (dịch)
Format: Książka
Wydane: H. Giáo dục 1998
Wydanie:Tái bản lần thứ 1
Hasła przedmiotowe:
Etykiety: Dodaj etykietę
Nie ma etykietki, Dołącz pierwszą etykiete!
Thư viện lưu trữ: Trung tâm Học liệu Lê Vũ Hùng, Trường Đại học Đồng Tháp
LEADER 00729pam a22002298a 4500
001 00018850
005 20171026081022.0
008 110504s1998 ||||||Viesd
041 0 # |a Vie 
082 1 4 |a 153.9  |b T120H 
100 0 # |a Piaget, Jean 
245 0 0 |a Tâm lí học trí khôn  |c Jean Piaget; Nguyễn Dương Khủ dịch 
250 # # |a Tái bản lần thứ 1 
260 # # |a H.  |b Giáo dục  |c 1998 
300 # # |a 1979 tr.  |c 21 cm. 
653 # # |a Trí khôn 
653 # # |a Tâm lí học 
700 0 # |a Nguyễn Dương Khủ  |e dịch 
852 # # |b Kho đọc  |j KD.0004419 
852 # # |j KD.0004419 
910 |d 04/05/2011 
980 # # |a Trung tâm Học liệu Lê Vũ Hùng, Trường Đại học Đồng Tháp